000 00651nam a2200253Ia 4500
003 OSt
005 20221005032058.0
006 a|||||r|||| 00| 0
007 ta
008 221004b |||||||| |||| 00| 0 tam d
020 _c10.00
024 _a65176
037 _cTextual
040 _aCRL
_cCRL
_btam
041 _2tam
_atam
082 _aO31,3N201,24, K3
100 _aAarvi Au.
_9223284
245 0 _aKanavu Mayakkam
260 _aChennai
_bVaanathi Pathippakam India
_c1963
300 _a53p.
_ccm.
650 _aTAMIL FICTION
942 _hO31,3N201,24, K3
_cTEXL
_2cc
999 _c939050
_d939050